000 00998naa a22002657a 4500
001 BR7000655
003 BR-BrBNA
005 20240918173408.0
007 ta
008 230509b bl.||||| |||| 00| 0 por d
040 _aBR-BrBNA
_bpor
_cBiblioteca Nacional de Agricultura
041 _a(Pt)
072 _aL74
090 _aL74 BR7000655
100 1 _aEndler, J.O.
111 1 _a12. Congresso Brasileiro de Medicina Veterinaria
_cPorto Alegre, RS (Brazil)
_d23 Aug 1970
245 1 _aReduvet - aparelho para reducao de fratura de ossos longos em pequenos animais
260 3 _aPorto Alegre, RS (Brasil):
_c1970.
500 _aAnais do 12. Congresso Brasileiro de Medicina Veterinaria Porto Alegre, RS (Brasil): 1970. p. 133-134 (BR7000655-AM)L74
650 _aFRATURA
650 _aOSSO
773 0 _tAnais do 12. Congresso Brasileiro de Medicina Veterinaria
_wL74 BR7000655
_gPorto Alegre, RS (Brasil), 1970. p. 133-134
909 _a202404
_bLucia
_c55
_dLucia Elande
942 _cAM
_2AGRIS
999 _c304381
_d304381